000 00643nam a22002417a 4500
001 31659
003 UA-OsUOA
005 20210917225351.0
007 ta
008 20050110b un ||||| |||| 00| 0 ukr d
040 _aUA-OsUOA
_brus
_cUA-OsUOA
_dUA-OsUOA
041 _arus
044 _aRU
080 _a94(497.1)
090 _a94(497.1)
_bИ90
245 _aИстория Югославии в двух томах
_cред. Ю. В. Бромлей и др.
260 _aМосква
_bИзд-во АН СССР
_c1963
300 _a737 с.
_bІлюстрації
505 _gТ. I
650 7 _2UDC
942 _cBK
_2udc
955 _a0
999 _c318088
_d318088